[Event "Canadian Senior 50+"]
[Site "?"]
[Date "2023.08.07"]
[Round "7"]
[White "Ochkoos, Jura"]
[Black "Filipovich, David"]
[Result "1-0"]
[WhiteElo "2316"]
[BlackElo "2139"]
[Annotator "John Upper"]
[PlyCount "63"]
[SourceVersionDate "2024.01.27"]

1. e4 c6 2. d4 d5 3. e5 Bf5 4. h4 h6 5. g4 Bd7 {[#] After this White gets an
ideal anti-French setup, and Black's ...h6, ...Bf5-d7 just look like a waste
of time. Botvinnik got away with this in his 1961 rematch against an ill
Mikhail Tal, but top players today only risk this in blitz.} (5... Be4 6. f3
Bh7 7. e6 {is an interesting but well-explored gambit.}) 6. Nc3 $1 {Black's
only play will be via ...c5, and the Nc3 keeps two eyes on d5, so Black must
go ...e6 before ...c5, which frees White from defending g4. White doesn't need
to support d4 with c3, since a minor piece on d4 will be very well placed.} e6
7. Be3 Qb6 (7... Ne7 8. h5 $1 Qb6 9. Qd2 (9. Na4 $1) 9... Nc8 10. O-O-O $5 Na6
11. f4 $16 c5 12. dxc5 (12. f5 $1 $16) 12... Bxc5 13. Bxc5 Nxc5 14. Nf3 Ne7 15.
Nd4 $14 Rc8 $2 {Now it looks like a bad Sicilian for Black.} (15... O-O-O $142)
16. Kb1 O-O 17. g5 $1 $18 hxg5 18. fxg5 Nc6 19. h6 $1 g6 20. h7+ Kh8 21. Qf4
$18 {Caruana,F (2791)-Vachier Lagrave,M (2766) Speed Chess Chess.com INT blitz
2021 (1.22) 1-0}) 8. Na4 $1 {[#]} Qc7 (8... Qa5+ 9. c3 b6 (9... b5 $2 10. Nc5
$16 {where are any of Black's pieces going to go?}) 10. b4 $1 {White offers
four pawns for the B and a lead in development that the computer rates as
winning:} Bxb4 $8 11. cxb4 Qxb4+ 12. Bd2 Qxd4 13. Nf3 Qxg4 14. h5 $1 $16) 9.
Nf3 {"...clearly better for White as Black's pieces are stuck, unable to come
into the game." - Sethuraman (Chessable 1.e4 Repertoire)} Ne7 (9... b6 10. Nc3
Ne7 11. h5 a6 12. Ne2 $1 c5 13. c3 Nbc6 14. Bg2 f6 $1 15. O-O (15. Bf4 g5 $8
$13) 15... fxe5 16. dxe5 $13 {Mchedlishvili,M (2571)-Paichadze,L (2479)
Tbilisi Gaprindashvili Cup 2021 (1) 1-0}) 10. h5 Nc8 {[#] The same ...
Ng8-e7-c8 maneuver MVL played against Caruana in the game quoted above. I
didn't understand it there either.} 11. b3 (11. Nc5 $142 b6 12. Nxd7 {looks
like an utterly unpositional trade for a bad B, but SF16 rates it as winning
after} Nxd7 13. g5 $36) 11... b6 12. a3 c5 13. Nc3 Nc6 14. Bf4 cxd4 15. Nb5 Qb8
16. Qd2 a6 17. Nbxd4 Nxd4 18. Nxd4 Bc5 {[#]} 19. Nf3 $5 {A good human move:
keeping pieces on before denying Black's minors any central squares with b3-b4.
} ({It's well known that today's top computers -- Stockfish and Leela -- rate
space much more highly than even the best human players. But it's still a
shock that in this position SF16 opts for the utterly inhuman} 19. O-O-O $5 {
the point being that after Black takes a free pawn with check} Bxa3+ 20. Kb1
$16 {White has multiple crushing threats, including 21.g5 or 21.Nf5!}) 19... a5
20. c3 ({The computer wants to smash the kingside immediately:} 20. g5 $1 hxg5
21. Bxg5 Ne7 22. h6 {threat Bxe7 and hxg7 or Qg5+.} gxh6 23. Bf6 $1 $16 {
and White owns the kingside, and a line which shows a reason to keep the R on
h1.}) 20... Na7 21. b4 Be7 22. Bd3 Bb5 $1 23. O-O Qc7 $11 {[#]Black has done a
good job to trade two pairs of minors.} 24. bxa5 bxa5 25. a4 Bc4 {But doesn't
trade!?} (25... Bxd3 26. Qxd3 Rc8 {looks fine for Black.}) 26. Rfb1 O-O 27. Bc2
Nc6 28. Re1 Qb6 29. Rab1 (29. Bxh6 $1 $16) 29... Qc7 {[#]Critical Position
What happens if Bxh6?} 30. Bxh6 $5 {[%mdl 64]} (30. Qe3 $1 {defending the Nf3
sets up Bxh6.}) 30... gxh6 $2 {After this Black is dead lost.} (30... f5 $2 31.
gxf5 $18 {for completeness, here's one of the longer lines:} gxh6 32. Qxh6 Bc5
(32... Bd8 33. Kh1 $18) 33. Kh1 Qh7 34. Rg1+ Kh8 35. Qxh7+ Kxh7 36. f6+ Kh8 37.
Rg6 $18) (30... f6 $8 31. exf6 $2 Rxf6 {forking h6 and f3.} 32. Bxg7 $1 (32.
Bg5 Rxf3 $19) 32... Bc5 $3 33. Bh7+ $2 (33. Bxf6 Qg3+ $19) 33... Kxh7 $8 34.
Ng5+ Kxg7 35. Nxe6+ Rxe6 36. Rxe6 Qg3+ $19) (30... f6 $8 {taking on f6 loses,
so White's best is:} 31. Bf4 $1 fxe5 32. Nxe5 {[#]} Rxf4 $5 {leads to a very
long forcing line where Black might end up OK if he plays perfectly:} (32...
Bg5 $1 33. Bxg5 Nxe5 34. Rxe5 $1 $13) 33. Qxf4 Bd6 34. Qf7+ $3 Qxf7 35. Nxf7
Kxf7 36. Bg6+ {Analysis Diagram [#]} Kf6 $8 (36... Kf8 37. Rxe6 Rd8 38. Rb7 $18
) 37. g5+ $1 Kxg5 $8 38. Rxe6 Rd8 $8 39. Rb6 d4 $8 {creating a passer and
attacking Re6,} 40. Re8 Rxe8 41. Bxe8 Ne5 $1 42. Rxd6 dxc3 $8 43. Bg6 $8 (43.
Rd1 $2 Nd3 $8 $19) 43... Bb3 $8 {and it's still a game.  Of course, no one
could expect Black or White to see more than a fraction of that, but if you
see ...gxh6 is losing, you might start down this road just by process of
elimination, and then anything could happen in these headspinning
complications.}) 31. Qxh6 $18 f5 32. Qxe6+ {Something is going to roll: either
White's kingside pawns or the Black King's head.} 1-0

[Event "Canadian Senior 65+"]
[Site "Etobicoke CAN"]
[Date "2023.08.07"]
[Round "6.1"]
[White "Hartman, Brian"]
[Black "Berengolts, Isai"]
[Result "1-0"]
[WhiteElo "2340"]
[BlackElo "2018"]
[Annotator "John Upper"]
[PlyCount "121"]
[EventDate "2023.08.04"]
[EventType "swiss"]
[EventRounds "7"]
[EventCountry "CAN"]
[SourceVersionDate "2024.01.27"]

{[%mdl 32768]} 1. e4 c5 2. Nf3 g6 3. d4 cxd4 4. Nxd4 Nc6 5. Nc3 Bg7 6. Be3 Nf6
{[#]} 7. Nb3 $5 {This voluntary retreat helps control d5, and so prevents one
of Black's equalizing ideas in the Accelerated Dragon: ...d7-d5 in one tempo.}
O-O 8. Qd2 d6 {Black heads to a more typical Dragon, which might not have been
his preference, given that he started with an Accelerated Dragon move-order.} (
{Instead,} 8... a5 $5 {is a way to try to exploit the Nb3 while also preparing
to support ...d5 with ...Nb4.}) 9. f3 Be6 10. O-O-O {[#]} Ne5 {"We have a
strange version of a 9.Bc4 Yugoslav Attack. Black should not rush to play ...
Nc4, as then he would be two tempos behind (due to Bxc4 coming directly as
opposed to Bc4-b3xc4). However, White is also at risk of losing two tempos if
he gets tempted to return his knight to d4."  - Gawain Jones, GM Repertoire:
Dragon (Quality Chess, 2015)} (10... Rc8 11. Kb1 Ne5 12. h4 (12. Be2 Bc4 13.
Bd4 $14 Bxe2 14. Qxe2 Nc6 15. Bxf6 Bxf6 16. Nd5 Bg7 17. h4 e6 $1 18. Ne3 Qe7 (
18... Qb6 $142 19. Rxd6 a5 $36) 19. h5 d5 20. exd5 exd5 21. Qd2 d4 $11 {
Carlsen,M (2847)-Martinovic,S (2548) FIDE World Cup 2021 (2.2) 1-0}) 12... h5
$1 13. Be2 a6 14. Bd4 Qc7 15. g4 hxg4 16. f4 {Analysis Diagram [#]} Nc6 $4 {
looks sensible, but with the c-file closed Black has no threats and his king
is in a shooting gallery.} (16... Rfd8 $142 17. fxe5 $2 (17. Qe3 $5) (17. h5 $5
) 17... dxe5 $19) (16... b5 $142 $5 17. fxe5 dxe5 18. Be3 b4 19. Nd5 (19. Na4
$2 Nxe4 20. Qc1 Ng3 $17) 19... Bxd5 20. exd5 Rfd8 $13 {SF16}) 17. Bxf6 $8 $18
Bxf6 18. Nd5 $8 Bxd5 19. exd5 $8 Nd4 20. Bxg4 $1 {Clearing the second rank and
hitting the Rc8.} Nxb3 21. axb3 a5 22. h5 $1 {Ignoring the Rc8 and playing for
mate.} a4 23. hxg6 $1 axb3 24. cxb3 Ra8 25. Qh2 {Carlsen,M (2853)-Shevchenko,K
(2684) Warsaw Superbet Blitz 2023 (5) 1-0}) 11. Kb1 $14 a6 $146 {Playing for ..
.b5-b4, which might help attack b2; but it seems slow.} (11... Rc8 {transposes
to the Carlsen games in the previous note.}) 12. h4 h5 13. Be2 b5 14. g4 {
[#] The game has turned into a more typical Yugoslav attack vs the Dragon, but
Black misses the possibility of ...Rxc3, which would be very useful if White
moved his f-pawn from the defence of e4.} Bc4 $6 (14... hxg4 $142 15. f4 {
The Rc8 would allow Black to counter this with ...Rxc3 and ...Nxe4.} (15. h5
gxf3 $17) 15... Nf3 $6 (15... b4 $142 $1 16. fxe5 bxc3 17. Qe1 $1 Nxe4 (17...
Nh5 $15) 18. h5 $1 $15) 16. Bxf3 gxf3 17. h5 $1 $36 {Imagine being able to
play ...Rxc3 now!} b4 $8 (17... Nxh5 $2 18. f5 Ng3 19. Qh2 $18) 18. Nd5 Nxe4
19. Qh2 Rc8 $1 20. hxg6 fxg6 21. Bd4 $1 $36 Nf6 22. Bxf6 Rxf6 $8 $14) 15. gxh5
Nxh5 16. Rhg1 $14 Bxe2 17. Qxe2 e6 {[#]} 18. Qf2 $6 (18. f4 $1 Nc4 19. f5 $1
$16 Nxb2 $2 (19... Qxh4 $2 20. Bg5 $1 Qh3 21. Rd3 $18 {traps the Q.}) 20. Kxb2
b4 21. fxg6 $1 $18) 18... Rc8 19. Bd4 Qc7 20. f4 Nc4 21. Bxg7 Kxg7 {
Threatening ...Nxb2.} 22. Ne2 $14 Kh7 (22... Nxb2 $2 23. Qd4+ $8 $18) 23. c3 b4
$6 24. cxb4 $1 Qb7 25. Qf3 (25. Ng3 $1 $16) 25... Qxb4 26. Rg5 Nf6 {[#]} 27. h5
$2 {The right idea, but tactically mistimed.} (27. Ka1 $142 {then h4-h5.})
27... Nxe4 $8 $11 {Exploiting the discovered attack to win the e-pawn.} 28.
hxg6+ (28. Qxe4 $4 Na3+ $19 {Shows why it was better to play Kh1 first,
getting the K out of N checks.}) 28... Kg7 $8 (28... fxg6 $2 29. Qh3+ Kg7 30.
Rxg6+ $8 Kxg6 31. Qxe6+ $8 $18) 29. gxf7+ Nxg5 $8 30. fxg5 Rxf7 $8 31. Qh3 Ne5
32. Qh6+ Kg8 {[#]} 33. Ned4 $2 (33. Ng3 $13) (33. Rh1 $4 Qe4+ $8 34. Ka1 Qh7 $8
$19) 33... Qb7 $1 $17 34. Qxe6 Qd7 $2 $11 (34... Qe4+ $142 35. Ka1 Qg4 $8 $17 {
[%cal Rg4e6,Rg4d1] defending the Rc8 while attacking the Qd6 and Rd1. Black
should win this endgame.}) 35. Qd5 Qg4 36. Rh1 Qxg5 37. a3 {[#]} Nf3 $4 (37...
Qg6+ $142 38. Ka1 Re8 $13) 38. Qxd6 $2 (38. Qe6 $142 $18 {And White has a
double attack on the unprotected pieces on c8 and f3.}) 38... Nxd4 39. Qxd4 Rg7
40. Ka1 $14 a5 41. Qa4 Qd5 42. Re1 Kh7 {[#]} 43. Nxa5 (43. Qxa5 $11 Qxb3 $4 44.
Qf5+ $8 $18 (44. Qh5+ $2 $11 {only forces a repetition.})) 43... Ra8 $2 44.
Qc2+ $1 $18 Kg8 45. Nc4 $2 (45. Nc6 $142 $18 {and Ne7 comes with a
material-winning attack.}) 45... Rc8 $11 46. Nb6 Rxc2 47. Nxd5 Rgg2 48. Ne3 (
48. Re8+ $5 Kf7 49. Rb8 $11) 48... Rxb2 $8 49. Nxg2 Rxg2 $11 50. Rf1 {[#]} Kg7
({Or} 50... Rg7 51. Kb2 Rf7 $11 {builds a bridge for the defending K, which
draws if it gets to c8.}) 51. Kb1 Kg8 52. a4 Kg7 53. Rf4 Re2 54. a5 {[%mdl 64]
[#] Critical Position Black to play and draw.} Re5 $4 (54... Re6 $142 {or ...
Re8 or ...Re7} 55. Kb2 Ra6 $8 56. Ra4 (56. Rf5 Kg6 $11 57. Rb5 Kf7 {so there's
no check on the 6th rank,} 58. Kb3 Ke6 59. Kb4 Kd6 $11) 56... Kf7 57. Kb3 Ke7
58. Kb4 Kd7 59. Kb5 {Analysis Diagram [#]} Rh6 $1 (59... Ra8 $2 60. a6 Kc7 61.
Rc4+ Kb8 62. Rh4 $1 (62. Kb6 $2 Ra7 $8 $11 63. Rh4 Rb7+ $8 $11) 62... Ra7 63.
Rh8+ Kc7 64. Rg8 $22 $18) 60. a6 Kc7 $8 61. a7 Rh5+ $8 $11 {to force off Rs.})
55. Ra4 $18 Kf6 56. Kb2 Ke7 57. a6 Rb5+ 58. Kc3 Rb8 59. a7 Ra8 60. Kc4 Kd6 {
If it were Black's turn, then ...Kc6 or ...Kc7 would draw, but...} 61. Kb5 1-0

[Event "Canadian Senior 65+"]
[Site "Etobicoke CAN"]
[Date "2023.08.05"]
[Round "3.1"]
[White "Berengolts, Isai"]
[Black "Loadman, Ian"]
[Result "0-1"]
[WhiteElo "2018"]
[BlackElo "2132"]
[Annotator "John Upper"]
[PlyCount "84"]
[EventDate "2023.08.04"]
[EventType "swiss"]
[EventRounds "7"]
[EventCountry "CAN"]
[SourceVersionDate "2024.01.27"]

1. e4 e5 2. Nf3 Nc6 3. Bc4 Nf6 4. Ng5 d5 5. exd5 {[#]} Na5 $1 ({Allowing the Fried Liver Attack:} 5...
Nxd5 $2 6. Nxf7 Kxf7 7. Qf3+ Ke6 8. Nc3 Ncb4 {may not be objectively lost, but
strong players only risk this in blitz.}) 6. Bb5+ c6 7. dxc6 bxc6 8. Bd3 {
The Modern Main line in the Two Knights.} (8. Be2 h6 9. Nf3 e4 $13 {is the old
main line.}) 8... Nd5 {[#] An important position in the Two Knights, with
approximately equal chances for both sides, as seen in the recent GM games
below:} 9. Ne4 (9. h4 h6 10. Qh5 Qf6 11. Ne4 Qe6 $13 {Nepomniachtchi,I (2771)
-Firouzja,A (2777) AI Cup Div 1 L rapid 2023 (2.1) 0-1}) (9. Nf3 Bd6 10. O-O
Nf4 11. Nc3 Nxd3 12. cxd3 O-O $13 {Nakamura,H (2775)-Caruana,F (2764) Norway
Chess 11th 2023 (9) 1-0}) 9... Nf4 10. Bf1 f5 {[#]} 11. g3 $2 (11. Nec3 $142 $1
Bc5 (11... c5 12. Na3 $13) 12. a3 {"This is another incredibly rich position,
of which we might see more practical examples in the future. I think Black's
best is:} Bb6 $1 $146 {Leading to complex play, where Black has full
compensation for the pawn." - Ntirlis, "Playing 1.e4 e5" (Quality Chess, 2017).
}) (11. Ng3 $142 $5 Bc5 12. c3 Bb6 13. d4 Qe7 14. d5 $2 (14. Bxf4 $142 exf4+
15. Ne2 {looks terrible, but White has some hope of getting his K out of the
center.}) 14... O-O 15. b4 Nb7 16. dxc6 Nd6 17. Be3 Be6 18. Nd2 Bxe3 19. fxe3
Nd5 $19 {Askarov,B (2416)-Wen,Y (2592) Albena op-A 2015 (5) 0-1}) 11... fxe4 $8
$19 12. gxf4 Qh4 $8 13. Nc3 {[%mdl 64] [#]Critical Position} Bf5 $2 (13... exf4
$2 14. Nxe4 $13 Bg4 15. Be2 h5 $2 (15... Bf5 $13) 16. d3 $18 O-O-O 17. Bxg4+
hxg4 18. Bxf4 $18 {Cop,T (2268)-Matijevic,H (2222) CRO-chT2 Center 2011 (5.11)
1-0}) (13... Bg4 $142 $8 {The B should go to f5, but this in-between move
keeps the white Q and K boxed in.} 14. Be2 Bf5 $8 $19 {and Black continues
piling up with ...Bc5 and ...000.}) 14. Qe2 $8 $15 {Guards f2, attacks e4, and
makes space for the K on d1.} Bc5 {Threatening ...Bg4, trapping the Q or
mating on f2.} 15. Nxe4 $8 Bxe4 (15... Bg4 $2 16. Qd3 Rd8 17. Qg3 $8 $18) 16.
Qxe4 O-O $1 {[#] Threatens ...Rxf4, and of course Qxe5 loses to the e-file pin.
There are a lot of "?" in the next few moves, which is an indication of how
non-standard and tactically volatile this position is, and not the general
level of skill of the players. Something to consider before playing either
side of this opening.} 17. Kd1 $2 (17. d4 $3 {is best, but tough to take
seriously without good nerves and A+ calculation. I'd expect Shirov would find
it, and the idea of giving back the pawn to finish development mirrors Black's
4...d5, so it's not totally out of reach for lesser mortals.  Here are three
continuations:} exd4 (17... Rae8 $5 18. dxe5 Rxe5 $5 {leads to a forced draw:}
19. Qxe5 $8 Qxf2+ $8 20. Kd1 Rd8+ $8 21. Bd3 Qf3+ 22. Qe2 (22. Kd2 Nc4+ $19)
22... Qxh1+ 23. Qe1 Qf3+ $11) (17... Bxd4 18. Bd3 Bxf2+ 19. Ke2 $8 Rae8 $5 (
19... exf4 20. Qxh7+ $8 $11) 20. f5 Nb7 $13) 18. Qe6+ (18. Be2 $2 d3 $17) 18...
Kh8 19. Qh3 Bb4+ 20. Kd1 $13 Qxf2 $4 21. Bd3 h6 22. Rf1 $18 {traps the Q.})
17... Rae8 $2 (17... Rxf4 $8 $19 18. Qxe5 Re4 $8 19. Qg3 (19. Qxc5 Qg4+ {#2})
19... Bxf2 $19) 18. d3 $2 {Weakening e3 turns out to be fatal.} (18. Qg2 $142
exf4 19. Qf3 $8 Bxf2 20. Be2 $15 {is similar to the game, but does not weaken
e3.}) (18. Be2 $142 Rxf4 19. Qg2 Rxf2 20. Qg4 $15) 18... exf4 $8 $19 19. Qf3
Bxf2 20. Bd2 {[#] Material is equal but Black obviously has an overwhelming
lead in development.} Be1 $1 {Trading the defender of e3 to invade on the
e-file.} 21. Be2 (21. Bc1 $5 Bc3 $1 {Threatening mate on e1.} 22. Be2 Bd4 23.
Rf1 Be3 $19 {would be an amusingly round-about way to get to e3.}) 21... Bxd2
22. Kxd2 Re3 {[#]} 23. Qf1 (23. Qg4 Nc4+ $1 24. dxc4 Qf2 $8 $19 (24... Rd8+ 25.
Kc1 $11) 25. Rhf1 (25. Rhg1 Rxe2+ 26. Qxe2 Rd8+ $19) 25... Rd8+ 26. Kc1 Rxe2 $1
$19) 23... f3 $1 {Not the only winning move, but nice.} 24. Kxe3 Qf4+ 25. Kf2
fxe2+ 26. Kxe2 Qe5+ 27. Kd2 Rxf1 28. Rhxf1 {[#]The end of the combo on move 23.
White's Rs are terrible defenders and Black attacked with the Q and N to win.}
Qxh2+ 29. Kc3 Qe5+ 30. Kd2 Qg5+ 31. Kc3 Qc5+ 32. Kd2 Qb4+ 33. Kc1 Nb7 34. c3
Qd6 35. Kc2 Qh2+ 36. Kb3 Nc5+ 37. Kc4 Qd6 38. d4 Qd5+ 39. Kb4 a5+ 40. Ka3 Ne4
41. Rad1 h6 42. Rfe1 Nd6 0-1

[Event "Toronto Senior"]
[Site "?"]
[Date "2023.11.19"]
[Round "3"]
[White "Upper, John"]
[Black "Barron, Michael"]
[Result "1-0"]
[WhiteElo "2163"]
[BlackElo "2286"]
[Annotator "John Upper"]
[PlyCount "49"]
[SourceVersionDate "2024.01.27"]

1. c4 f5 2. Nc3 Nf6 3.
d4 d6 4. Bg5 Nbd7 5. Qc2 g6 6. O-O-O Bg7 {[#] Michael always plays the
Leningrad Dutch, which ought to make it easy to prepare against him, but it's
not at all a bad opening. When prepping I found that 7...h4 scores well for
White, but all the lines I looked at had Black more-or-less equalizing to
positions he'd have enough experience to play comfortably.  OTOH, looking at
his games suggested that his most exploitable weakness would be tactics in
non-standard positions. So I played for a direct but different attack...} 7. f3
$5 {This was an over-the-board decision. I'd stuck it in the computer for 10
seconds and knew only that SF didn't like it, but decided to try it because 
(as I said above) I didn't have any better ideas, and this is so unusual it
would require Black to step off traditional paths.} e5 $1 {Opening the d-file
looks risky, but SF16 rates it best.} 8. dxe5 {8.e3 is less ambitious, but
maybe better.} dxe5 $6 ({After} 8... Nxe5 $1 {I'd thought} 9. c5 $5 {would be
good, leaving Black with a ragged center and exposed K, but it turns out that
White's K is more vulnerable if the c-file opens; for example:} O-O $1 10. cxd6
Be6 $1 $15 (10... cxd6 $15) 11. dxc7 $2 Qxc7 12. Kb1 Rac8 $19 {For only one
pawn Black has a winning lead in development.}) 9. e4 $1 f4 {Saving f5 and
keeping the center closed; again the top choice of SF16. [#]} (9... fxe4 10.
Nxe4 O-O 11. c5 $16) 10. g3 $5 h6 11. gxf4 $6 {The right idea, but there's a
better execution:} (11. Bh4 $142 g5 12. gxf4 gxh4 13. fxe5 {with the h-file
blocked and the g6 pawn gone, this is a better version of the game line for
White.}) 11... hxg5 12. fxe5 c6 $1 {More cool defence, and again the top
choice of SF16.} (12... O-O $5 13. exf6 (13. Bh3 $4 g4 $8 $19) (13. Nh3 $2 g4
$1 14. Ng5 Nd5 $1 $19) 13... Qxf6 $13) 13. Bh3 $1 {A good move that also looks
like a tactical mistake, so bonus cheapo points. Going e6 just helps Black
castle long after ...Bxd7.} g4 $5 14. exf6 $8 {[#]} Bh6+ {This in-between move
is very tempting -- it makes the B safe and allows Black time to take on h3 --
and I had expected it. But Black has a much better defence, which I'd seen but
underestimated: take on f6 and play a pawn down.} (14... Qxf6 $142 15. Bxg4 Ne5
16. Bxc8 Rxc8 $11) 15. Kb1 gxh3 $2 {The losing move.} (15... Qxf6 $142 16. Bxg4
Ne5 $8 17. Bxc8 (17. h3 $14) 17... Rxc8 $14 {Black is down two pawns, but gets
at least one back, and his K is safer than in the game. I hadn't seen this at
move 10, and underestimated it here.}) 16. e5 $8 $18 {[#] Everything else is
losing, but now White threatens Qxg6+ and e6 regaining the piece. I'd seen
this position when I played 13.Bh3 and thought White should be winning.} Kf7
17. Ne4 $1 {[%cal Ge4d6,Rd6f7,Rc2g6] Not the only winning move. In fact, White
has several good options over the next few moves, which made choosing harder.}
(17. Nxh3 $1 Qe8 (17... Qa5 18. e6+ $8 Kxe6 19. Rhe1+ Kxf6 20. Rd6+ {mates.})
18. Ne4 Qxe5 19. Nd6+ Kxf6 20. Rhe1 $4) 17... Qg8 {Unpins the N and defends g6.
[#]} (17... Qa5 18. Nd6+ Ke6 19. Qxg6 {with mate on Qf5 or Qf7.}) 18. Nd6+ (18.
e6+ $1 {opening the e-file also wins: Nxh3-g5+ and White attacks with all
pieces.}) 18... Ke6 19. f7 $6 (19. Nxc8 {is the brute force way.} Qxc8 20. Rd6+
Kxe5 21. c5 $18 {the Black K leads his army into obvlivion.}) 19... Qh7 $1 {
Hoping to trade Qs with ...g5.} 20. f4 $1 {Giving a pawn to get the N and R
out, and now ...g5 fails to f4-f5+.} Bxf4 21. Nf3 ({Even} 21. Nxh3 {wins; e.g.}
Qxh3 22. Qxg6+ $18) 21... g5 {[#]Black plays to trade Qs, but I'd seen White's
forced win.} 22. Nd4+ $1 Kxe5 (22... Ke7 23. N4f5+ Ke6 (23... Kd8 24. e6 $18)
24. Nxc8 $18) 23. Rhe1+ Kf6 (23... Kxd6 24. Ne6+ Ke7 25. Nxg5+ $18) 24. Re6+ (
24. Qxh7 $1 {actually forces mate:} Rxh7 25. Re6+ Kg7 26. N4f5+ Kh8 27. Re8+
Nf8 28. Rxf8#) 24... Kg7 25. N4f5+ {Black has to give the Q to delay mate, and
preferred to resign.} 1-0